The country I love best / (Record no. 3490)

MARC details
000 -LEADER
fixed length control field 00710nam a2200253Ia 4500
001 - CONTROL NUMBER
control field 11209
003 - CONTROL NUMBER IDENTIFIER
control field GBCCL
005 - DATE AND TIME OF LATEST TRANSACTION
control field 20241126110456.0
008 - FIXED-LENGTH DATA ELEMENTS--GENERAL INFORMATION
fixed length control field 870119s1951 enkg 00010 eng d
035 ## - SYSTEM CONTROL NUMBER
System control number OCM15088274
040 ## - CATALOGING SOURCE
Original cataloging agency CBC
Transcribing agency CBC
Modifying agency LBB
049 ## -
-- LBBK
082 ## - DEWEY DECIMAL CLASSIFICATION NUMBER
Classification number 252.3
Item number SMI
092 ## - LOCALLY ASSIGNED DEWEY CALL NUMBER (OCLC)
Item number S656
100 10 - MAIN ENTRY--PERSONAL NAME
Personal name Smith, Oswald J.
9 (RLIN) 4548
245 14 - TITLE STATEMENT
Title The country I love best /
Statement of responsibility, etc. by Oswald J. Smith ; foreword by Alan Redpath.
250 ## - EDITION STATEMENT
Edition statement 1st ed.
260 0# - PUBLICATION, DISTRIBUTION, ETC.
Place of publication, distribution, etc. London :
Name of publisher, distributor, etc. Marshall, Morgan & Scott,
Date of publication, distribution, etc. 1951.
300 ## - PHYSICAL DESCRIPTION
Extent 128 p. :
Other physical details music ;
Dimensions 19 cm.
650 #0 - SUBJECT ADDED ENTRY--TOPICAL TERM
Topical term or geographic name entry element Salvation
General subdivision Sermons.
9 (RLIN) 1090
650 #0 - SUBJECT ADDED ENTRY--TOPICAL TERM
Topical term or geographic name entry element Sermons, English
Geographic subdivision Canada.
9 (RLIN) 1469
650 #0 - SUBJECT ADDED ENTRY--TOPICAL TERM
Topical term or geographic name entry element Evangelistic sermons.
9 (RLIN) 5636
942 ## - ADDED ENTRY ELEMENTS (KOHA)
Source of classification or shelving scheme Dewey Decimal Classification
Koha item type Books
Holdings
Withdrawn status Lost status Source of classification or shelving scheme Damaged status Not for loan Home library Current Library Shelving location Date acquired Total checkouts Full call number Barcode Date last seen Copy number Price effective from Koha item type
    Dewey Decimal Classification     GRACE BIBLE COLLEGE GRACE BIBLE COLLEGE Ministry & Mission 2017-11-28   252.3 SMI 000584 2025-05-01 c.1 2017-11-28 Books
© Grace Bible College Library 2025